IO 2024 - siatkówka faza grupowa - Statystyki

Ogólne statystyki
  • Ten quiz został rozwiązany 216 razy
  • Średni wynik to 10 z 12
Statystyki odpowiedzi
Pkt. Reprezentacje % Poprawnych
5 Polska
99%
6 Francja
98%
9 Włochy
96%
4 Brazylia
95%
8 USA
94%
6 Niemcy
88%
4 Japonia
86%
8 Słowenia
82%
0 Argentyna
77%
1 Kanada
74%
0 Egipt
69%
3 Serbia
62%
Nie znaleziono quizów pasujących do podanych kryteriów
Rozkład punktacji
Procent ludzi z każdym wynikiem
Percentyl według liczby udzielonych odpowiedzi
Twoja historia wyników
Nie rozwiązałeś tego quizu